| 000 | 00353nam a2200145Ia 4500 | ||
|---|---|---|---|
| 100 | _aSilberschatz/ A/ Galvin/P.A | ||
| 942 | _cBK | ||
| 366 | _f15 | ||
| 654 | _aoperating system | ||
| 245 | _aOperating system concepts:Windows XP update | ||
| 260 |
_bJohn Wiley & Sons _aNew Delhi _c2004 |
||
| 082 | _a005.43/SIL | ||
| 300 | _a951 | ||
| 546 | _aENGLISH | ||
| 999 |
_c30763 _d30763 |
||